<?xml version="1.0" encoding="UTF-8"?>
<record
    xmlns:xsi="http://www.w3.org/2001/XMLSchema-instance"
    xsi:schemaLocation="http://www.loc.gov/MARC21/slim http://www.loc.gov/standards/marcxml/schema/MARC21slim.xsd"
    xmlns="http://www.loc.gov/MARC21/slim">

  <leader>04005nab a2200349 i 4500</leader>
  <controlfield tag="003">BR-BrBNA</controlfield>
  <controlfield tag="005">20260119213527.0</controlfield>
  <controlfield tag="008">260119b2024    bl.tr|pooa||| 00| 0 por |</controlfield>
  <datafield tag="040" ind1=" " ind2=" ">
    <subfield code="a">BR-BrBNA</subfield>
    <subfield code="b">por</subfield>
  </datafield>
  <datafield tag="072" ind1=" " ind2=" ">
    <subfield code="a">F02</subfield>
    <subfield code="b">0710</subfield>
  </datafield>
  <datafield tag="072" ind1=" " ind2=" ">
    <subfield code="a">F01</subfield>
  </datafield>
  <datafield tag="100" ind1=" " ind2=" ">
    <subfield code="a">Martin, Mariuccia Schlichting De </subfield>
  </datafield>
  <datafield tag="100" ind1=" " ind2=" ">
    <subfield code="a">Brighenti, Alberto Fontanella </subfield>
  </datafield>
  <datafield tag="100" ind1=" " ind2=" ">
    <subfield code="a">Pinto, Felipe Augusto Moretti Ferreira </subfield>
  </datafield>
  <datafield tag="100" ind1=" " ind2=" ">
    <subfield code="a"> Araujo, Leonardo </subfield>
  </datafield>
  <datafield tag="100" ind1=" " ind2=" ">
    <subfield code="a">Couto, Marcelo </subfield>
  </datafield>
  <datafield tag="100" ind1=" " ind2=" ">
    <subfield code="a">Arioli, Cristiano Jo&#xE3;o </subfield>
  </datafield>
  <datafield tag="245" ind1=" " ind2=" ">
    <subfield code="a">Potencial produtivo e qualidade de frutos do cultivar de macieira &#x2018;SCS1605 Serrana&#x2019; conduzida sobre diferentes porta-enxertos</subfield>
  </datafield>
  <datafield tag="500" ind1=" " ind2=" ">
    <subfield code="a">

Publica&#xE7;&#xE3;o online; 7 ref.; 2 tables; 1 illus.; Summaries (En, Pt)</subfield>
  </datafield>
  <datafield tag="520" ind1=" " ind2=" ">
    <subfield code="a">


Resumo  &#x2013;       Este  trabalho  teve  como  objetivo  avaliar  o  potencial  produtivo  e  a  qualidade  de  frutos  do  cultivar  de  macieira SCS1605 Serrana sobre diferentes porta-enxertos na regi&#xE3;o de S&#xE3;o Joaquim, SC. O trabalho foi conduzido nas safras 2019/2020 e  2020/2021,  utilizando  os  porta-enxertos  Marubakaido  (Maruba;  1000  plantas  ha-1)  e  Maruba  com  interenxerto  (filtro)  de M.9 (MB/M.9; 1667 plantas ha-1). Foram avaliados a produ&#xE7;&#xE3;o e n&#xFA;mero de frutos por planta, produtividade estimada (t ha-1), massa m&#xE9;dia de frutos, &#xED;ndice de iodo-amido, firmeza de polpa, teor de s&#xF3;lidos sol&#xFA;veis (SS), acidez titul&#xE1;vel e classifica&#xE7;&#xE3;o em rela&#xE7;&#xE3;o ao calibre e percentual de cor vermelha na casca. A macieira &#x2018;SCS1605 Serrana&#x2019; apresentou alto potencial produtivo em ambas as safras, com produtividades superiores a 59,2 e 93,4t ha-1 para as safras 2019/2020 e 2020/2021, respectivamente. O MB/M.9 proporcionou maior produtividade e calibre de frutos na safra 2019/2020. A utiliza&#xE7;&#xE3;o do MB/M.9 propiciou maiores teores de SS e percentuais de cor vermelha na casca em compara&#xE7;&#xE3;o ao Maruba. O cultivar SCS1605 Serrana apresenta elevado potencial produtivo na regi&#xE3;o de S&#xE3;o Joaquim, com produtividades m&#xE9;dias elevadas e alta qualidade de frutos, tanto para o porta-enxerto Maruba quanto para o MB/M.9.  



Termos para Indexa&#xE7;&#xE3;o:     Malus domestica; Produtividade; Calibre; Matura&#xE7;&#xE3;o</subfield>
  </datafield>
  <datafield tag="520" ind1=" " ind2=" ">
    <subfield code="a">


Abstract &#x2013;       The aim of this study was to evaluate the yield potential and fruit quality  of the apple cultivar SCS1605 Serrana grafted on different rootstocks in the region of S&#xE3;o Joaquim, SC. The work was carried out in the 2019/2020 and 2020/2021 harvest  seasons,  using  the  rootstocks  Marubakaido  (Maruba;  1000  plants  ha-1)  and  Maruba  with  M.9  interstem  (MB/M.9; 1667 plants ha-1). Yield and number of fruits per tree, estimated yield (t ha-1), fruit mass, starch index, flesh firmness, soluble solids (SS) content and titratable acidity were evaluated. The fruits were also classified by size and percentage of red color in the skin. The cultivar SCS1605 Serrana showed high yield potential in both harvest seasons, with estimated yields above 59.2 and 93.4t ha-1 for the 2019/2020 and 2020/2021 seasons, respectively. The rootstock MB/M.9 provided higher yield and fruit caliber in the 2019/2020 seasons. The MB/M.9 provided higher levels of SS and percentages of red color in the skin compared to Maruba. The cultivar SCS1605 Serrana has a high yield potential in the region of S&#xE3;o Joaquim, with high yields and fruit quality, for both Maruba and MB/M.9 rootstocks   



.Index Terms:       Malus domestica; Productivity; Caliber; Maturity</subfield>
  </datafield>
  <datafield tag="650" ind1=" " ind2=" ">
    <subfield code="a">MA&#xC7;&#xC3;</subfield>
  </datafield>
  <datafield tag="650" ind1=" " ind2=" ">
    <subfield code="a">VARIEDADE</subfield>
  </datafield>
  <datafield tag="650" ind1=" " ind2=" ">
    <subfield code="a">QUALIDADE</subfield>
  </datafield>
  <datafield tag="650" ind1=" " ind2=" ">
    <subfield code="a">PORTA-ENXERTO</subfield>
  </datafield>
  <datafield tag="650" ind1=" " ind2=" ">
    <subfield code="a">MATURA&#xC7;&#xC3;O</subfield>
  </datafield>
  <datafield tag="650" ind1=" " ind2=" ">
    <subfield code="a">PRODUTIVIDADE</subfield>
  </datafield>
  <datafield tag="773" ind1="0" ind2=" ">
    <subfield code="0">1813</subfield>
    <subfield code="9">359867</subfield>
    <subfield code="d">Florian&#xF3;polis-SC Empresa de Pesquisa Agropecu&#xE1;ria e Extens&#xE3;o Rural de Santa Catarina 1988-</subfield>
    <subfield code="o">2026-0257</subfield>
    <subfield code="t">Agropecu&#xE1;ria Catarinense (Brazil)</subfield>
    <subfield code="x">0103-0779</subfield>
    <subfield code="g">v. 37(2) p. 19-22; (2024)</subfield>
    <subfield code="w">BR2025005470</subfield>
  </datafield>
  <datafield tag="856" ind1=" " ind2=" ">
    <subfield code="u">https://publicacoes.epagri.sc.gov.br/rac/article/view/1786/1691</subfield>
  </datafield>
  <datafield tag="942" ind1=" " ind2=" ">
    <subfield code="c">ANA</subfield>
  </datafield>
  <datafield tag="999" ind1=" " ind2=" ">
    <subfield code="c">339875</subfield>
    <subfield code="d">339875</subfield>
  </datafield>
</record>
